000
00340nam a2200133Ia 4500
008
231129s9999||||xx |||||||||||||| ||spa||
020
_a
84-3229-8314-4
040
_b
spa
082
_a
745.56 M561r
100
_a
Meriel-Bussy Yves
245
0
_a
Repujando el metal
264
_a
Ceac
942
_2
ddc
_c
BKS
999
_c
24002
_d
24002